LIBRARY ONLINE CATALOGUE

The Exhaustive concordance of the Bible : (Record no. 15091)

MARC details
000 -LEADER
fixed length control field 00987nam a22002172 4500
001 - CONTROL NUMBER
control field 0000009488
005 - DATE AND TIME OF LATEST TRANSACTION
control field 20151217161142.0
008 - FIXED-LENGTH DATA ELEMENTS--GENERAL INFORMATION
fixed length control field 081031s xx 000 0 eng d
020 ## - INTERNATIONAL STANDARD BOOK NUMBER
International Standard Book Number 0917006012 :
Terms of availability KES 2000
040 ## - CATALOGING SOURCE
Original cataloging agency KABU
Transcribing agency KABU
100 1# - MAIN ENTRY--PERSONAL NAME
Personal name Strong, James.
-- 0000149003
245 14 - TITLE STATEMENT
Title The Exhaustive concordance of the Bible :
Remainder of title showing every word of the text of the common English version of the conical books and every occurrence of each word in regular order; together with Dictionaries of the Hebrew and Greek words of the original, with reference to the English words /
Statement of responsibility, etc. James Strong.
260 ## - PUBLICATION, DISTRIBUTION, ETC. (IMPRINT)
Place of publication, distribution, etc. Peabody, MA. :
Name of publisher, distributor, etc. Hendrickson,
Date of publication, distribution, etc. 2004.
300 ## - PHYSICAL DESCRIPTION
Extent 1340, 128, 79 p. +
Accompanying material 1 CD-ROM.
650 #0 - SUBJECT ADDED ENTRY--TOPICAL TERM
Topical term or geographic name as entry element Bible
General subdivision Concordances.
-- 0000161009
650 #0 - SUBJECT ADDED ENTRY--TOPICAL TERM
Topical term or geographic name as entry element Hebrew language
Form subdivision Dictionaries
General subdivision English.
-- 0000148966
650 #0 - SUBJECT ADDED ENTRY--TOPICAL TERM
Topical term or geographic name as entry element Greek language Biblical
General subdivision Dictionaries
-- English.
-- 0000161010
908 ## - PUT COMMAND PARAMETER (RLIN)
Put command parameter 081031
950 ## - LOCAL HOLDINGS (RLIN)
-- 1
Holdings
Withdrawn status Lost status Source of classification or shelving scheme Not for loan Home library Current library Date acquired Total Checkouts Full call number Barcode Date last seen Price effective from Koha item type
    Library of Congress Classification Not For Loan Kabarak, Main Campus Kabarak, Main Campus 17/12/2015   BS425 .S77 2004 c. 1 15115 17/12/2015 17/12/2015 Reference